Biggest Czechoslovakia cities/towns - Statistics

General Stats
  • This quiz has been taken 301 times
  • The average score is 13 of 20
Answer Stats
Population City % Correct
1 243 201 Praha
100%
377 508 Brno
97%
422 932 Bratislava
95%
295,653 Ostrava
89%
239 200 Košice
85%
168 034 Plzeň
80%
99 489 Olomouc
71%
102 301 Liberec
69%
93,253 České Budějovice
62%
81 151 Žilina
60%
75 257 Zlín
59%
77 671 Nitra
58%
92,904 Hradec Králové
57%
89 959 Prešov
57%
93,523 Ústí nad Labem
57%
78 759 Banská Bystrica
54%
89 439 Pardubice
54%
68 570 Kladno
38%
67 335 Most
34%
75 051 Havířov
33%
No matching quizzes found
Score Distribution
Percent of People with Each Score
Percentile by Number Answered
Your Score History
You have not taken this quiz